[Event "POL-chT U19 2nd League"]
[Site "Szczyrk"]
[Date "2014.07.29"]
[Round "7.87"]
[White "Kulpinski, Jakub"]
[Black "Klementowski, Dawid"]
[Result "0-1"]
[WhiteElo "1375"]
[BlackElo "1659"]
[PlyCount "140"]
[EventDate "2014.07.25"]
[EventType "team-swiss"]
[EventRounds "11"]
[EventCountry "POL"]
[SourceTitle "EXT 2015"]
[Source "ChessBase"]
[SourceDate "2014.11.20"]
[SourceVersion "1"]
[SourceVersionDate "2014.11.20"]
[SourceQuality "1"]
[WhiteTeam "Bydgoszcz Hetman U19"]
[BlackTeam "Rybnik MKSz U19 II"]
[WhiteTeamCountry "POL"]
[BlackTeamCountry "POL"]

1. e4 c5 2. Nf3 Nf6 3. Nc3 Nc6 4. d4 d5 5. Bb5 a6 6. exd5 Nxd5 7. Bxc6+ bxc6 8. Ne4 cxd4 9. Qxd4 f6 10. 0-0 e5 11. Qc4 Qc7 12. Be3 Be7 13. Rfd1 Be6 14. Qa4 Nxe3 15. fxe3 0-0 16. Rd2 Qb6 17. Re1 Rfd8 18. Rxd8+ Rxd8 19. Kf1 Rd5 20. c3 Ra5 21. Qd1 Rxa2 22. b4 a5 23. bxa5 Rxa5 24. Qb1 Rb5 25. Qa1 Kf7 26. Kf2 Ra5 27. Qb1 Ra2+ 28. Kf1 Qxb1 29. Rxb1 Bc4+ 30. Kg1 Bd3 31. Neg5+ Kg6 32. Rd1 Be2 33. Re1 Bc5 34. Ne6 Bxe3+ 35. Kh1 Bxf3 36. gxf3 Bf4 37. Nxf4+ exf4 38. Re4 Kf5 39. Rc4 Rf2 40. Rc5+ Kg6 41. Rxc6 Rxf3 42. Kg2 Rd3 43. c4 Rd2+ 44. Kf3 Rxh2 45. Kxf4 Rc2 46. Rc8 h5 47. c5 Rc4+ 48. Kg3 h4+ 49. Kh3 Kg5 50. c6 Rc3+ 51. Kh2 Kg4 52. c7 Rc2+ 53. Kg1 Kg3 54. Kf1 h3 55. Ra8 Rc1+ 56. Ke2 Rxc7 57. Ra3+ Kg2 58. Ra2 Re7+ 59. Kd3+ Kg3 60. Ra3 h2 61. Kd4+ Kf2 62. Ra2+ Re2 63. Rxe2+ Kxe2 64. Ke4 h1Q+ 65. Kf5 Kf3 66. Kg6 Kf4 67. Kxg7 Kf5 68. Kf7 Qb7+ 69. Kg8 Kg6 70. Kf8 Qf7# 0-1

[Event "Bydgoszcz U18 op 12th"]
[Site "Bydgoszcz"]
[Date "2013.05.04"]
[Round "8.5"]
[White "Kulpinski, Jakub"]
[Black "Borkowska, Zuzanna"]
[Result "1-0"]
[WhiteElo "1374"]
[BlackElo "1305"]
[PlyCount "71"]
[EventDate "2013.05.02"]
[EventType "swiss"]
[EventRounds "9"]
[EventCountry "POL"]
[SourceTitle "EXT 2023"]
[Source "ChessBase"]
[SourceDate "2022.10.05"]
[SourceVersion "1"]
[SourceVersionDate "2022.10.05"]
[SourceQuality "1"]

1. e4 e5 2. Nf3 Nc6 3. Bb5 Bc5 4. c3 Nf6 5. d3 d6 6. h3 h6 7. a4 Bd7 8. Bxc6 Bxc6 9. b4 Bb6 10. a5 Bxf2+ 11. Kxf2 0-0 12. Rf1 Re8 13. Nbd2 d5 14. d4 exd4 15. Nxd4 dxe4 16. Nxc6 bxc6 17. Nb3 e3+ 18. Bxe3 Ne4+ 19. Kg1 Qxd1 20. Rfxd1 Nxc3 21. Rd3 Nd5 22. Bc5 Nf4 23. Rd7 Nd5 24. Nd4 Rad8 25. Rxd8 Rxd8 26. Nxc6 Re8 27. Nxa7 Nf4 28. Nb5 Ne2+ 29. Kh2 c6 30. Nd6 Rb8 31. Re1 Nc3 32. Re8+ Rxe8 33. Nxe8 Nb5 34. Nd6 Nc7 35. Nf5 f6 36. Ne7+ 1-0

[Event "Bydgoszcz U18 op 12th"]
[Site "Bydgoszcz"]
[Date "2013.05.04"]
[Round "9.4"]
[White "Wojnarowski, Szymon"]
[Black "Kulpinski, Jakub"]
[Result "1/2-1/2"]
[WhiteElo "1650"]
[BlackElo "1374"]
[PlyCount "61"]
[EventDate "2013.05.02"]
[EventType "swiss"]
[EventRounds "9"]
[EventCountry "POL"]
[SourceTitle "EXT 2023"]
[Source "ChessBase"]
[SourceDate "2022.10.05"]
[SourceVersion "1"]
[SourceVersionDate "2022.10.05"]
[SourceQuality "1"]

1. d4 d6 2. c4 g6 3. Nc3 Bg7 4. e4 Nf6 5. Nf3 0-0 6. Be2 Nbd7 7. 0-0 b6 8. Be3 Bb7 9. Qc2 Ng4 10. b4 Nxe3 11. fxe3 e5 12. d5 c6 13. Rab1 Rc8 14. Rfc1 Bh6 15. Nd1 cxd5 16. exd5 Bxd5 17. Qd3 Bxf3 18. Bxf3 Nf6 19. Nc3 Re8 20. Rd1 Bf8 21. Ne4 Nxe4 22. Qxe4 Qc7 23. Rbc1 Kg7 24. a3 f5 25. Qc2 e4 26. Be2 Re6 27. Qa4 Rd8 28. Qb3 Re5 29. Rc2 Re7 30. Rcd2 Red7 31. Rd5 1/2-1/2